Expressions Anglaises : V.2. City life - Statistiques

Statistiques générales
  • Ce quiz a été pris 13 fois
  • Le résultat moyen est 25 sur 47
Statistiques - réponses
Hint Réponse % Correct
a multi-storey car park un parking à étages
89%
rush-hour traffic la circulation aux heures de pointe
78%
a CCTV camera une caméra de surveillance
78%
a no-parking area une zone de stationnement interdit
78%
to go into town aller en ville
67%
to go through a red light brûler un feu rouge
67%
to be in a hurry être pressé
67%
to stand in a line faire la queue
67%
the corner shop la boutique du coin
67%
the quality of life la qualité de la vie
67%
downtown Chicago le centre de Chicago
67%
public lighting l'éclairage public
67%
commuter trains les trains de banlieue
67%
a shopping mall un centre commercial
67%
an adventure playground une aire de jeu aménagée
67%
an indoor swimming pool une piscine couverte
67%
a parking meter un parcmètre
67%
to live on the street vivre dans la rue
67%
the rumble of heavy lorries le bruit sourd des poids lourds
56%
the property market le marché immobilier
56%
the hustle and bustle of city life l'intense activité de la vie citadine
56%
a double-decker un bus à deux étages
56%
a mushroom town une ville champignon
56%
a dormitory town une ville dortoir
56%
a pedestrian area une zone piétonne
56%
a department store un grand magasin
56%
an office block un immeuble de bureaux
56%
a car park un parking
56%
the outer suburbs la grande banlieue
44%
the squeal of brakes le crissement des freins
44%
the screech of tyres le grincement des pneus
44%
the urban landscape le paysage urbain
44%
recreational activities les activités de loisir
44%
a shanty town un bidonville
44%
a parking area une aire de stationnement
44%
a housing benefit une allocation logement
44%
recreational facilities les équipements de loisir
33%
a building site un chantier de construction
33%
a housing policy une politique du logement
33%
an industrial estate une zone industrielle
33%
a residential area une zone résidentielle
33%
a gated community un lotissement sécurisé
33%
a property developer un promoteur
33%
a block of flats un immeuble d'habitation
22%
a housing scheme un programme de construction de logements
22%
a housing estate un lotissement
11%
a housing shortage une pénurie de logements
0%
Aucun quiz correspondant
Distribution des résultats
% des personnes avec chaque résultat
Percentile par nombre de réponses
Votre historique - résultats
Vous n’avez pas pris ce quiz